000 00383 a2200109 4500
001 ART_43315
005 20260410161709.0
008 260409a
245 1 0 _aEl pago de honorarios judiciales por el Estado, el plazo para su ejecución y los efectos de la inflación
100 1 _aSpisso, Rodolfo Roque
773 0 _tRevista Impuestos
_g- Nº 5 (mayo 2017)
_wREV639
999 _c15863
_d15863